000 00970nam a2200265 i 4500
001 62944
003 ES-MaACL
005 20240511063022.0
007 t|
008 031127s1908 sp |||| | spa d
040 _cES-MaACL
080 _a628.112.23
100 1 _aFernández Navarro, Lucas,
_d1869-1930
_949953
_eaut
245 1 4 _aLos pozos artesianos en Madrid /
_cLucas Fernández Navarro.
260 _aMadrid :
_bJosé Blass y Cía.,
_c1908.
300 _a[8] páginas. ;
_c28 cm.
500 _aPrecede al tít.: Biblioteca de la "Revista agrícola"
500 _a"El presente trabajo es un extracto de la segunda parte de una conferencia pronunciada en el Ateneo de Madrid el 18 de febrero de 1908"
610 2 4 _aAteneo de Madrid-
_vConferencias-
_y1900-1939
_91907
650 7 _aPozos artesianos
_2
_9136758
852 _aES-MaACL
_cDEPOF
_jT-1187-F-7
942 _cFOLLETOS
_n0
999 _c62944
_d62944